Locate Obscure US Catholic Dioceses - Statistics

General Stats
  • This quiz has been taken 61 times
  • The average score is 10 of 18
Answers on the Map
Answers color-coded by a green-red scale on the quiz's map according to % correct below.
 
Answer Stats
Answer % Correct
Diocese of Yakima
80%
Diocese of Pueblo
73%
Diocese of La Crosse
63%
Diocese of Winona-Rochester
63%
Diocese of Grand Island
59%
Diocese of Gaylord
57%
Diocese of Ogdensburg
57%
Diocese of Saint Cloud
57%
Diocese of San Angelo
57%
Diocese of Baker
53%
Diocese of Beaumont
53%
Diocese of Rockville Centre
53%
Diocese of Steubenville
53%
Diocese of Venice
53%
Diocese of Crookston
45%
Diocese of New Ulm
45%
Diocese of Salina
39%
Diocese of Greensburg
35%
No matching quizzes found
Score Distribution
Percent of People with Each Score
Percentile by Number Answered
Your Score History
You have not taken this quiz